ბათუმის შოთა რუსთაველის სახელმწიფო უნივერსიტეტის ბიბლიოთეკა

სამედიცინო პარაზიტოლოგია (ბიბ.ჩანაწერი № 41637)

000 -LEADER
fixed length control field 00797nam a2200241Ia 4500
001 - CONTROL NUMBER
control field 8306
003 - CONTROL NUMBER IDENTIFIER
control field GE_BSU
008 - FIXED-LENGTH DATA ELEMENTS--GENERAL INFORMATION
fixed length control field 181216s||||||||xx |||||||||||||| ||und||
020 ## - INTERNATIONAL STANDARD BOOK NUMBER
International Standard Book Number 9789941033070
040 ## - CATALOGING SOURCE
Transcribing agency GE_BSU
080 ## - UNIVERSAL DECIMAL CLASSIFICATION NUMBER
Universal Decimal Classification number 616-093(075.8)
100 ## - MAIN ENTRY--PERSONAL NAME
Personal name ხვიტია, ნინო, მჭედლიშვილი,ე. ყურაშვილი,ნელი
245 ## - TITLE STATEMENT
Title სამედიცინო პარაზიტოლოგია
260 ## - PUBLICATION, DISTRIBUTION, ETC.
Place of publication, distribution, etc. თბილისი
260 ## - PUBLICATION, DISTRIBUTION, ETC.
Name of publisher, distributor, etc. (გ.გ.)
260 ## - PUBLICATION, DISTRIBUTION, ETC.
Date of publication, distribution, etc. 2013
300 ## - PHYSICAL DESCRIPTION
Extent 302გვ.ილ.28სმ.
300 ## - PHYSICAL DESCRIPTION
Accompanying material ბიბლიოგრ. გვ.224
653 ## - INDEX TERM--UNCONTROLLED
Uncontrolled term მედიცინა
653 ## - INDEX TERM--UNCONTROLLED
Uncontrolled term სამედიცინო პარაზიტოლოგია
942 ## - ADDED ENTRY ELEMENTS (KOHA)
Koha item type წიგნი
ეგზემპლარები
Withdrawn status Lost status Damaged status Not for loan Date acquired Barcode Date last seen Price effective from Koha item type
        2018-12-17 30192 2018-12-17 2018-12-17 წიგნი
        2018-12-17 30193 2018-12-17 2018-12-17 წიგნი
        2018-12-17 30194 2018-12-17 2018-12-17 წიგნი
        2018-12-17 30195 2018-12-17 2018-12-17 წიგნი
        2018-12-17 30196 2018-12-17 2018-12-17 წიგნი
        2018-12-17 30197 2018-12-17 2018-12-17 წიგნი
        2018-12-17 30198 2018-12-17 2018-12-17 წიგნი
        2018-12-17 30199 2018-12-17 2018-12-17 წიგნი
        2018-12-17 30200 2018-12-17 2018-12-17 წიგნი
        2018-12-17 30201 2018-12-17 2018-12-17 წიგნი